00881cam a22002417a 4500003000500000005001700005008004100022010001000063011001000073035001000083040000900093100003200102245016000134260004100294300002000335502007500355530003600430650003500466650003300501700002600534856006300560856001600623CHAP20220329142825.0040524s2004 mx r 00010 spa d a88309 a89281 a99832 cCHAP00aCastro Ceronio, Marco Polo.10aDiagnóstico descriptivo de la ganadería bovina en el municipio de Othón P. Blanco, Quintana Rooc/por Marco Polo Castro Ceronio y Jorge Bautista Cruz aChapingo, Méx. :bEl autor,c2004. a64 h. ;banexos aTesis (Ing. Agr. Esp. en Zootecnia) -- UACH. Departamento de Zootecnia aTambién disponible en línea14aGanado vacunoxEstadísticas.14aGanado vacunozQuintana Roo.0 aBautista Cruz, Jorge. 3Finding aiduhttp://10.13.5.2/tesis/99832.pdfzTeclea aqui a1 n0000831